History Quiz

Random History or Year Quiz

1975 Quiz Stats

Quiz Updated Feb 23, 2012

Challenge
Share
Tweet
Embed
Score 0/24 Timer 06:00
6 Plays Today
Hint Answer % Correct
Members of President Nixon's Administration are sentenced to prison after this famous scandal Watergate Scandal
93.8%
This game show, now hosted by Pat Sajak and Vanna White, airsWheel of Fortune
87.5%
This world-famous software company is founded in Albuquerque, New Mexico Microsoft
81.8%
Junko Tabei became the first woman to summit this mountainMount Everest
81.6%
This woman wins the leadership of the UK Conservative PartyMargaret Thatcher
79.8%
This silent film star is knighted by Elizabeth II of the United KingdomCharlie Chaplin
72.3%
President Ford posthumously pardoned this Civil War GeneralRobert E. Lee
72.1%
The Vietnam War ends when Communist forces take this citySaigon
63.2%
NBC airs its first episode of this still-running comedy showSaturday Night Live
61.1%
This Teamsters Union president famously goes missingJimmy Hoffa
56.2%
Comoros declared its independence from this countryFrance
53.6%
Delegates of this oil cartel are kidnapped in ViennaOPEC
48.2%
Hint Answer % Correct
The world's first successfully predicted earthquake occurs in this country, killing thousandsChina (Haicheng Earthquake)
47.2%
This Spanish dictator dies, marking Spain's transition into democracyFrancisco Franco
45.2%
Great Britain declares membership of this military organization to be illegalIrish Republican Army
43.1%
Muhammad Ali defeats this man during the Thrilla in Manila Joe Frazier
41.3%
This theme park is opened in Williamsburg, VirginiaBusch Gardens
37.8%
This British musical that became a cult classic opens on BroadwayThe Rocky Horror Show
36.3%
Mozambique gains independence from this countryPortugal
31.4%
The Suez Canal is re-opened following this conflictSix-Day War
28%
This member of the Manson family tries to assassinate President FordLynette Fromme
23.6%
This Academy Award winning film directed by MiloŇ° Forman is releasedOne Flew Over the Cuckoo's Nest
11.8%
This NASA Spacecraft is launched to MarsViking 1
9.5%
This iconic painting by Rembrandt is vandalized by Dutch nationalist(s)The Night Watch
7.8%

You're not logged in!

Compare scores with friends on all Sporcle quizzes.
Join for Free
OR
Log In

You Might Also Like...

Show Comments

Extras

Top Quizzes Today


Score Distribution

Your Account Isn't Verified!

In order to create a playlist on Sporcle, you need to verify the email address you used during registration. Go to your Sporcle Settings to finish the process.

Report this User

Report this user for behavior that violates our Community Guidelines.

Details: